书目信息 |
| 题名: |
公路CAD技术
|
|
| 作者: | 许金良 编著 | |
| 分册: | ||
| 出版信息: | 北京 人民交通出版社 1999.01 |
|
| 页数: | 220页 | |
| 开本: | 32开 | |
| 丛书名: | ||
| 单 册: | ||
| 中图分类: | U412 | |
| 科图分类: | ||
| 主题词: | 道路工程 | |
| 电子资源: | ||
| ISBN: | 7-114-03120-3 | |
| 000 | 00557nam0 2200193 45 | |
| 001 | 0002241177 | |
| 005 | 20001010102117.6 | |
| 010 | @a7-114-03120-3@d14.60元 | |
| 100 | @a20000224d1999 km y0chiy0120 ea | |
| 101 | @achi | |
| 105 | @a z 000yy | |
| 200 | 1 | @a公路CAD技术@AGong Lu CAD Ji Shu@f许金良,张雨化编著@FXu Jin Liang,Zhang Yu Hua Bian Zhu |
| 210 | @a北京@c人民交通出版社@d1999.01 | |
| 215 | @a220页@d32开 | |
| 606 | 0 | @a道路工程 |
| 690 | @aU412@v3 | |
| 701 | @a许金良@4编著 | |
| 801 | @aCN@bPftUser@c20000224 | |
| 905 | @dU412@eX451@b174265-267@f3 | |
| 公路CAD技术/许金良,张雨化编著.-北京:人民交通出版社,1999.01 |
| 220页;32开 |
| ISBN 7-114-03120-3:14.60元 |
| ● |
| 相关链接 |
|
|
|
正题名:公路CAD技术
索取号:U412/X451
 
预约/预借
| 序号 | 登录号 | 条形码 | 馆藏地/架位号 | 状态 | 备注 |
| 1 | 174265 | 201742659 | 自科库501/501自科库 51排2列4层/ [索取号:U412/X451] | 在馆 | |
| 2 | 174266 | 201742668 | 土木与交通工程学院资料室/土木与交通学院资料室 1排1列1层/ [索取号:U412/X451] | 在馆 | |
| 3 | 174267 | 201742677 | 土木与交通工程学院资料室/土木与交通学院资料室 1排1列1层/ [索取号:U412/X451] | 在馆 |